<?xml version="1.0" encoding="UTF-8"?>
<record
    xmlns:xsi="http://www.w3.org/2001/XMLSchema-instance"
    xsi:schemaLocation="http://www.loc.gov/MARC21/slim http://www.loc.gov/standards/marcxml/schema/MARC21slim.xsd"
    xmlns="http://www.loc.gov/MARC21/slim">

  <leader>01052nam a2200241 a 4500</leader>
  <controlfield tag="001">BRCA_5977</controlfield>
  <controlfield tag="005">20190320205302.0</controlfield>
  <controlfield tag="008">280311s2010----mx-a######---#000-0#spa-#</controlfield>
  <datafield tag="020" ind1=" " ind2=" ">
    <subfield code="a">9786070213342</subfield>
  </datafield>
  <datafield tag="041" ind1=" " ind2=" ">
    <subfield code="a">spa</subfield>
  </datafield>
  <datafield tag="044" ind1=" " ind2=" ">
    <subfield code="a">mx</subfield>
  </datafield>
  <datafield tag="050" ind1=" " ind2="4">
    <subfield code="a">PQ4866.L5</subfield>
    <subfield code="b">.F36 2010</subfield>
  </datafield>
  <datafield tag="100" ind1="1" ind2=" ">
    <subfield code="a">Fantechi, Francesco</subfield>
    <subfield code="9">15093</subfield>
  </datafield>
  <datafield tag="245" ind1="1" ind2="0">
    <subfield code="a">Claudio Linati</subfield>
    <subfield code="b">la vida aventurera de un revolucionario europeo del siglo XIX que introdujo la litograf&#xED;a a M&#xE9;xico y se involucr&#xF3; en sus afanes republicanos</subfield>
    <subfield code="c">Francesco Fantechi ; traducci&#xF3;n Miguel Bustos Garc&#xED;a.</subfield>
  </datafield>
  <datafield tag="260" ind1=" " ind2=" ">
    <subfield code="a">M&#xE9;xico</subfield>
    <subfield code="b">UNAM, Escuela Nacional de Artes Pl&#xE1;sticas</subfield>
    <subfield code="c">2010</subfield>
  </datafield>
  <datafield tag="300" ind1=" " ind2=" ">
    <subfield code="a">217 p.</subfield>
    <subfield code="b">il. (algunas a color)</subfield>
    <subfield code="c">20 cm.</subfield>
  </datafield>
  <datafield tag="500" ind1=" " ind2=" ">
    <subfield code="a">Traducci&#xF3;n de: Claudio Linati: la litografia, pretesto di un revoluzionario, Italia e Messico</subfield>
  </datafield>
  <datafield tag="600" ind1="1" ind2="4">
    <subfield code="a">Linati, Claudio</subfield>
    <subfield code="d">1790-1832</subfield>
    <subfield code="v">Novela</subfield>
    <subfield code="9">15094</subfield>
  </datafield>
  <datafield tag="650" ind1="1" ind2="4">
    <subfield code="a">Litograf&#xED;a italiana</subfield>
    <subfield code="v">Novela</subfield>
    <subfield code="x">Historia</subfield>
    <subfield code="y">Siglo XIX</subfield>
    <subfield code="z">M&#xE9;xico</subfield>
    <subfield code="9">15095</subfield>
  </datafield>
  <datafield tag="651" ind1=" " ind2="4">
    <subfield code="a">M&#xE9;xico</subfield>
    <subfield code="v">Novela</subfield>
    <subfield code="x">Historia</subfield>
    <subfield code="y">Siglo XIX</subfield>
    <subfield code="9">15096</subfield>
  </datafield>
  <datafield tag="700" ind1="1" ind2=" ">
    <subfield code="a">Bustos Garc&#xED;a, Miguel</subfield>
    <subfield code="e">tr.</subfield>
    <subfield code="9">15097</subfield>
  </datafield>
  <datafield tag="942" ind1=" " ind2=" ">
    <subfield code="2">lcc</subfield>
    <subfield code="c">B</subfield>
  </datafield>
  <datafield tag="999" ind1=" " ind2=" ">
    <subfield code="c">5666</subfield>
    <subfield code="d">5666</subfield>
  </datafield>
  <datafield tag="952" ind1=" " ind2=" ">
    <subfield code="0">0</subfield>
    <subfield code="1">0</subfield>
    <subfield code="4">0</subfield>
    <subfield code="7">0</subfield>
    <subfield code="a">BRCA</subfield>
    <subfield code="b">BRCA</subfield>
    <subfield code="d">2011-03-28</subfield>
    <subfield code="l">0</subfield>
    <subfield code="o">PQ4866.L5 .F36 2010</subfield>
    <subfield code="p">02520</subfield>
    <subfield code="r">2019-03-22 00:00:00</subfield>
    <subfield code="w">2019-03-22</subfield>
    <subfield code="y">B</subfield>
  </datafield>
</record>
